000 00433nam a22001937a 4500
003 bpm
005 20260421105959.0
008 260421b |||||||| |||| 00| p spa d
024 _aS. C. C. / M. C. y E. M.:
040 _aAR-CtUCP
041 _aspa
080 _aCDU
100 _aCavalieri Eduardo
245 _aAmoríos
260 _aCorrientes
_c1997
650 _aLiteratura - Poesía
942 _cLIB
999 _c76680
_d76680